Fabricating Architecture : Selected readings in digital design and manufacturing

Salvato in:
Dettagli Bibliografici
Altri autori: Corser, Robert (Redattore)
Natura: Libro
Lingua:inglese
Pubblicazione: New York : Princeton Architectural Press, 2010
Soggetti:
Tags: Aggiungi Tag
Nessun Tag, puoi essere il primo ad aggiungerne!!

MARC

LEADER 00000nam a22000003a 4500
001 stu219789
005 20150617230117.1
008 110105s2010------------------------eng-d
020 |a 978-1-61689-000-1 
040 |a STU  |b slo 
041 0 |a eng 
100 1 |a Corser, Robert  |4 edt 
245 1 |a Fabricating Architecture :  |b Selected readings in digital design and manufacturing 
260 |a New York :  |b Princeton Architectural Press,  |c 2010 
300 |a 216 s 
650 7 |a digitálna architektúra  |2 stusub 
650 7 |a architektúra digitálna  |2 stusub 
996 |b 284AU04656  |c A*7192 U  |l AAKNAR  |s A  |a 24  |w stu219789_0001